00458 2200181 4500001002100000005001500021008004100036020001700077035001900094041000700113082000800120090001400128100001900142245003300161260004200194300002000236650002000256INLIS00000000000708620241224113417241224||||||||| | ||| |||| || |  a979792281866 0010-1224007086 aid0 a823 a823 ALL k0 aIsabel Allende00aKingdom of The Golden Dragon aJakartabGramedia Pustaka Utamac2012 a360 hlm.; 20 cm 0afiksi -- dragon